Mù lòa

Cuốn sách "Mù loà" kể về căn bệnh "Mù trắng" bất ngờ xảy đến và lay lan trong cộng đồng dân cư. Những người mắc bệnh đều bị cách ly trong một trại thương điên và họ bị tước đoạt những quyền lợi tối thiểu của con ng...

Descrizione completa

Salvato in:
Dettagli Bibliografici
Autore principale: Saramago, José
Natura: Libro
Lingua:Undetermined
Pubblicazione: Hà Nội Văn học 2010
Soggetti:
Tags: Aggiungi Tag
Nessun Tag, puoi essere il primo ad aggiungerne! !
Thư viện lưu trữ: Trung tâm Học liệu Trường Đại học Cần Thơ
LEADER 01061nam a2200205Ia 4500
001 CTU_158658
008 210402s9999 xx 000 0 und d
020 |c 75000 
082 |a 869.342 
082 |b S243 
100 |a Saramago, José 
245 0 |a Mù lòa 
245 0 |c José Saramago ; Phạm Văn (dịch) 
260 |a Hà Nội 
260 |b Văn học 
260 |c 2010 
520 |a Cuốn sách "Mù loà" kể về căn bệnh "Mù trắng" bất ngờ xảy đến và lay lan trong cộng đồng dân cư. Những người mắc bệnh đều bị cách ly trong một trại thương điên và họ bị tước đoạt những quyền lợi tối thiểu của con người. Sự âm thầm giúp đỡ mọi người thích nghi với hoàn cảnh mới của một phụ nữ may mắn còn sáng mắt. 
650 |a Literature, Portuguese 
904 |i Kim Lan, Bạch Trúc 
980 |a Trung tâm Học liệu Trường Đại học Cần Thơ